Statistiques concernant Devinez l'État Américain Mystère #11

Cliquez ici pour prendre le quiz!

Statistiques générales

  • Ce quiz a été pris 181 fois
  • Le résultat moyen est 28 sur 35

Statistiques - réponses

Type de RéponseRéponse% Correct
Lettre TrouvéeN
100%
Lettre TrouvéeA
99%
Lettre de l'AlphabetS
99%
Lettre de l'AlphabetE
98%
Lettre de l'AlphabetI
98%
Lettre de l'AlphabetO
98%
Lettre TrouvéeR
98%
Lettre TrouvéeL
95%
Lettre de l'AlphabetT
93%
Lettre de l'AlphabetK
92%
Lettre de l'AlphabetC
91%
Lettre de l'AlphabetW
91%
Lettre de l'AlphabetH
90%
Lettre TrouvéeM
89%
Lettre TrouvéeD
87%
Lettre de l'AlphabetG
85%
Lettre de l'AlphabetF
81%
Lettre de l'AlphabetU
81%
Lettre TrouvéeY
78%
Lettre de l'AlphabetV
77%
Lettre de l'AlphabetB
75%
Lettre de l'AlphabetP
72%
Lettre de l'AlphabetX
71%
Lettre Bien PlacéeA
70%
Lettre de l'AlphabetZ
69%
Lettre Bien PlacéeM
63%
Lettre Bien PlacéeR
62%
Lettre de l'AlphabetJ
58%
Lettre Bien PlacéeA
56%
Lettre Bien PlacéeD
56%
Lettre Bien PlacéeL
56%
État MystèreMaryland
56%
Lettre Bien PlacéeN
56%
Lettre de l'AlphabetQ
56%
Lettre Bien PlacéeY
56%

Distribution des résultats

Percentile par nombre de réponses

% des personnes avec chaque résultat

Votre développement - résultats

Vous n’avez pas pris ce quiz